tolerate it - Taylor Swift Lyrics - Statistics

General Stats
  • This quiz has been taken 13 times
  • The average score is 223 of 315
Answer Stats
Answer % Correct
a
90%
I
90%
(I)
90%
you
90%
and
80%
do
80%
don't
80%
everything
80%
head
80%
now
80%
or
80%
sit
80%
the
80%
tolerate
80%
watch
80%
what
80%
with
80%
your
80%
all
70%
assume
70%
be
70%
break
70%
breathin'
70%
but
70%
celebrated
70%
closed
70%
eyes
70%
fancy
70%
fine
70%
footnotes
70%
for
70%
if
70%
I'm
70%
i'm
70%
in
70%
it
70%
just
70%
kid
70%
know
70%
lay
70%
leave
70%
life
70%
love
70%
made
70%
me
70%
my
70%
of
70%
older
70%
other
70%
readin'
70%
removed
70%
ruins
70%
shit
70%
should
70%
sky
70%
so
70%
somehow
70%
story
70%
table
70%
tell
70%
temple
70%
time
70%
us
70%
was
70%
where
70%
wiser
70%
worlds
70%
wrong
70%
you're
70%
always
60%
barbed
60%
battle
60%
beggin'
60%
believe
60%
best
60%
buildin'
60%
by
60%
byline
60%
could
60%
door
60%
drawin'
60%
good
60%
got
60%
hero's
60%
it's
60%
like
60%
listen
60%
lose
60%
low
60%
man
60%
much
60%
mural
60%
space
60%
take
60%
takin'
60%
then
60%
too
60%
took
60%
up
60%
wait
60%
weight
60%
were
60%
wire
60%
would
60%
blankets
50%
colors
50%
dagger
50%
free
50%
fun
50%
gleam
50%
glisten
50%
hearts
50%
indiscretions
50%
i've
50%
out
50%
over
50%
plates
50%
polish
50%
portrait
50%
that
50%
they
50%
this
50%
until
50%
use
50%
wake
50%
welcome
50%
where's
50%
while
50%
gained
40%
great
30%
noticed
30%
who'd
30%
through
10%
No matching quizzes found
Score Distribution
Percent of People with Each Score
Percentile by Number Answered
Your Score History
You have not taken this quiz